[Event "Zaragoza Otono op 1st"]
[Site "Zaragoza"]
[Date "2013.11.10"]
[Round "5"]
[White "Elizalde Portal, Jose Antonio"]
[Black "Requena Briones, Rafael Mariano"]
[Result "1-0"]
[WhiteElo "1816"]
[BlackElo "1688"]
[PlyCount "73"]
[EventDate "2013.10.27"]
[EventType "swiss"]
[EventRounds "6"]
[EventCountry "ESP"]
[SourceTitle "EXT 2015"]
[Source "ChessBase"]
[SourceDate "2014.11.20"]
[SourceVersion "1"]
[SourceVersionDate "2014.11.20"]
[SourceQuality "1"]

1. e4 e5 2. Nf3 f5 3. Nxe5 Qf6 4. d4 d6 5. Nc4 fxe4 6. Nc3 Bf5 7. Nd5 Qf7 8. Nde3 Nc6 9. c3 Be7 10. Nxf5 Qxf5 11. Ne3 Qf7 12. Qa4 Nf6 13. Bb5 0-0 14. 0-0 Nd8 15. Nf5 c6 16. Nxe7+ Qxe7 17. Qb3+ d5 18. Be2 Ne6 19. Be3 Kh8 20. f3 c5 21. dxc5 Nxc5 22. Qb5 b6 23. Bd4 Ne6 24. Bxf6 Rxf6 25. Qxd5 Nc5 26. Qxa8+ Rf8 27. Qd5 Rd8 28. Qc4 e3 29. Rad1 Rd2 30. Rxd2 exd2 31. b4 Qe3+ 32. Kh1 h5 33. bxc5 bxc5 34. Qd3 Qg5 35. f4 d1Q 36. Qxd1 Qh4 37. Bxh5 1-0

[Event "Zaragoza op"]
[Site "Zaragoza"]
[Date "2011.08.27"]
[Round "1"]
[White "Elizalde Portal, Jose Antonio"]
[Black "Lopez Gracia, Fernando"]
[Result "0-1"]
[WhiteElo "1821"]
[BlackElo "2325"]
[PlyCount "42"]
[EventDate "2011.08.27"]
[EventType "swiss"]
[EventRounds "9"]
[EventCountry "ESP"]
[SourceTitle "CBM 144 Extra"]
[Source "ChessBase"]
[SourceDate "2011.10.28"]
[SourceVersion "1"]
[SourceVersionDate "2011.10.28"]
[SourceQuality "1"]

1. e4 d5 2. exd5 Qxd5 3. Nf3 Bg4 4. Be2 Nc6 5. d4 0-0-0 6. c3 e5 7. dxe5 Qxd1+ 8. Bxd1 Nxe5 9. 0-0 Bxf3 10. gxf3 Nf6 11. Be3 Nd5 12. Be2 Nxe3 13. fxe3 Bc5 14. Kg2 Bxe3 15. f4 Nd3 16. Bg4+ Kb8 17. b4 Bxf4 18. a4 g6 19. Ra2 f5 20. Bd1 Rhe8 21. Kf3 Re3+ 0-1